000 00801nam a2200205 i 4500
001 47099
003 ES-MaACL
005 20240701115501.0
007 t|
008 030403s1972 sp ||||1| spa d
100 1 _aLozoya, Juan de Contreras y López de Ayala,
_cMarqués de,
_d1893-1978
_9129112
245 1 0 _aIntroducción a la biografía del Canciller Ayala /
_ccon apéndices documentales acopiados por Juna Contreras y López de Ayala ; prólogo Javier de Ybarra y Bergé.
250 _a2ª ed. amp.
260 _a[Bilbao] :
_bJunta de Cultura de Vizcaya,
_c1972.
300 _a177 p., 9 lám. ;
_c21 cm.
600 1 4 _aLópez de Ayala, Pedro,
_d1332-1407
_973530
700 1 _aYbarra y Bergé, Javier de.
_964964
852 _aES-MaACL
_jC-566602
_bR.89234
999 _c47099
_d47099